Fantasy Football and Mathematics : student workbook

This workbook is designed to be used in conjunction with Fantasy Basketball and Mathematics: A Resource Guide for Teachers and Parents. The games and activities in Fantasy Basketball and Mathematics were created to get you excited about learning and practicing math, even if you are not a big sports...

Täydet tiedot

Tallennettuna:
Bibliografiset tiedot
Päätekijä: Flockhart, Dan
Aineistotyyppi: Kirja
Kieli:Undetermined
Julkaistu: San Francisco Jossey-Bass 2007
Aiheet:
Tagit: Lisää tagi
Ei tageja, Lisää ensimmäinen tagi!
Thư viện lưu trữ: Trung tâm Học liệu Trường Đại học Cần Thơ
LEADER 01297nam a2200229Ia 4500
001 CTU_165947
008 210402s9999 xx 000 0 und d
020 |c 9.95 
082 |a 796.3230151 
082 |b F628 
100 |a Flockhart, Dan 
245 0 |a Fantasy Football and Mathematics : 
245 0 |b student workbook 
245 0 |c by Dan Flockhart 
260 |a San Francisco 
260 |b Jossey-Bass 
260 |c 2007 
520 |a This workbook is designed to be used in conjunction with Fantasy Basketball and Mathematics: A Resource Guide for Teachers and Parents. The games and activities in Fantasy Basketball and Mathematics were created to get you excited about learning and practicing math, even if you are not a big sports fan. Here's how it works. You will create a Fantasy Basketball team by picking real-life players, following your players' statistics, and calculating your teams' total points using one of the equations your teacher provides. In addition to the basic Fantasy Basketball game, your workbook contains worksheets for extra practice on 46 different math concepts. 
650 |a Basketball,Mathematics,Bóng rổ,Toán học 
650 |x Study and teaching,Dạy và học 
904 |i Năm 
980 |a Trung tâm Học liệu Trường Đại học Cần Thơ